[Event "European Blitz 2015"]
[Site "Minsk BLR"]
[Date "2015.12.18"]
[Round "17.36"]
[White "Pustovoitova, Daria"]
[Black "Smirin, Ilia"]
[Result "1-0"]
[WhiteTitle "FM"]
[BlackTitle "GM"]
[WhiteElo "2356"]
[BlackElo "2658"]
[WhiteFideId "4182146"]
[BlackFideId "2801990"]
[EventDate "2015.12.18"]
[EventType "swiss (blitz)"]

1. d4 Nf6 2. c4 g6 3. g3 Bg7 4. Bg2 O-O 5. Nc3 d6 6. Nf3 Nc6 7. O-O Bf5 8. Ne1
Re8 9. e4 Bg4 10. f3 Bd7 11. Be3 e5 12. d5 Nd4 13. Nc2 Nxc2 14. Qxc2 Nh5 15. c5
f5 16. cxd6 cxd6 17. Qb3 f4 18. Bf2 fxg3 19. hxg3 Qg5 20. Ne2 a6 21. Be3 Qe7 22.
a4 b5 23. a5 b4 24. g4 Nf6 25. Qxb4 h5 26. g5 Nh7 27. Qd2 Bb5 28. Rfe1 Rec8 29.
Bh3 Bd7 30. Bxd7 Qxd7 31. Kg2 Rf8 32. Ng1 Rab8 33. Rec1 Rb3 34. Rc6 Rfb8 35. Rb6
Bf8 36. Rc1 Be7 37. Rcc6 Rb5 38. b4 Qd8 39. Nh3 Qd7 40. Qc3 Qe8 41. Rxb5 axb5
42. a6 Nf8 43. a7 Ra8 44. Rc7 Bd8 45. Rb7 h4 46. Rb8 1-0

[Event "European Blitz 2015"]
[Site "Minsk BLR"]
[Date "2015.12.18"]
[Round "17.37"]
[White "Lanin, Alexsej"]
[Black "Huzman, Alexander"]
[Result "0-1"]
[WhiteTitle "IM"]
[BlackTitle "GM"]
[WhiteElo "2394"]
[BlackElo "2581"]
[WhiteFideId "4154959"]
[BlackFideId "2803828"]
[EventDate "2015.12.18"]
[EventType "swiss (blitz)"]

1. e4 e6 2. d4 d5 3. e5 c5 4. c3 Nc6 5. Nf3 Bd7 6. a3 c4 7. Nbd2 Na5 8. g3 Bc6
9. Bh3 Qd7 10. O-O Ba4 11. Qe2 Ne7 12. Ne1 O-O-O 13. Ndf3 h6 14. Rb1 Kb8 15. Ng2
g5 16. Ne3 Qc7 17. Bg2 Bg7 18. Re1 Ng6 19. h3 Qe7 20. Ng4 Ka8 21. Ngh2 Bb3 22.
Be3 Rde8 23. Rbc1 Ba4 24. Nd2 Qc7 25. Bf3 Bf8 26. Bh5 Be7 27. Ng4 Qd8 28. Qf3
Ref8 29. Kh1 Rhg8 30. Nxh6 Rg7 31. Ng4 Qb6 32. Nf6 Qxb2 33. Kg2 Nf4+ 34. Bxf4
gxf4 35. Qxf4 Bc2 36. Bd1 Bxd1 37. Rexd1 Rh8 38. h4 Qxa3 39. Nf3 Nb3 40. Rc2 Qa4
41. Ng5 Nxd4 42. Qxd4 Qxc2 43. Ra1 a6 44. Nd7 Bxg5 45. Qb6 Be3 46. Qxe3 Qb3 47.
Nc5 Qb5 0-1

[Event "European Blitz 2015"]
[Site "Minsk BLR"]
[Date "2015.12.18"]
[Round "17.38"]
[White "Fomin, Taras"]
[Black "Zubritskiy, Artyom"]
[Result "0-1"]
[BlackTitle "FM"]
[WhiteElo "2312"]
[BlackElo "2422"]
[WhiteFideId "4120604"]
[BlackFideId "4181247"]
[EventDate "2015.12.18"]
[EventType "swiss (blitz)"]

1. e4 c5 2. b3 d6 3. Bb2 e5 4. f4 Nc6 5. Nf3 exf4 6. Bb5 Bd7 7. O-O Nf6 8. d3
Be7 9. Qd2 Nh5 10. Nc3 Bf6 11. Rab1 a6 12. Bxc6 Bxc6 13. Ne2 Bxb2 14. Rxb2 Qf6
15. Rbb1 O-O 16. Rf2 g5 17. Rbf1 Qg7 18. h4 h6 19. hxg5 hxg5 20. g3 fxg3 21. Rg2
f5 22. Nxg3 Nf4 23. Nxf5 Rxf5 24. exf5 Nxg2 25. Nxg5 0-1

[Event "European Blitz 2015"]
[Site "Minsk BLR"]
[Date "2015.12.18"]
[Round "17.39"]
[White "Kocheev, Aleksandr"]
[Black "Milov, Vadim"]
[Result "0-1"]
[BlackTitle "GM"]
[WhiteElo "2355"]
[BlackElo "2615"]
[WhiteFideId "13507842"]
[BlackFideId "1304364"]
[EventDate "2015.12.18"]
[EventType "swiss (blitz)"]

1. e4 c5 2. Nf3 e6 3. c3 Nf6 4. e5 Nd5 5. d4 cxd4 6. cxd4 d6 7. Bd3 Nc6 8. Qe2
Ndb4 9. Bc4 d5 10. Bb3 b6 11. Nc3 Na5 12. Ba4+ Bd7 13. Bd1 Be7 14. a3 Nbc6 15.
O-O O-O 16. Bc2 f5 17. exf6 Bxf6 18. Rd1 Qe8 19. Ne5 Nxe5 20. dxe5 Be7 21. Qd3
Qh5 22. Nxd5 exd5 23. Qxd5+ Kh8 24. Qxd7 Rad8 25. Qa4 b5 26. g4 Qh4 0-1

[Event "European Blitz 2015"]
[Site "Minsk BLR"]
[Date "2015.12.18"]
[Round "17.40"]
[White "Razin, Vadim"]
[Black "Malakhov, Igor"]
[Result "0-1"]
[BlackTitle "IM"]
[WhiteElo "2345"]
[BlackElo "2451"]
[WhiteFideId "14119463"]
[BlackFideId "4183088"]
[EventDate "2015.12.18"]
[EventType "swiss (blitz)"]

1. d4 Nf6 2. Nf3 c5 3. d5 g6 4. Nc3 Bg7 5. e4 d6 6. Be2 O-O 7. O-O Na6 8. Nd2
Nc7 9. a4 b6 10. Nc4 Ba6 11. Ne3 Bxe2 12. Qxe2 e6 13. Rd1 Qe7 14. dxe6 fxe6 15.
Nc4 Rad8 16. Bf4 e5 17. Bg5 h6 18. Bxf6 Qxf6 19. Ne3 Ne6 20. Ncd5 Qf7 21. c3 h5
22. a5 Rb8 23. axb6 axb6 24. Ra6 b5 25. Rxd6 c4 26. Rd7 Qe8 27. Re7 Qc8 28. Ra7
Qc5 29. Ra6 Rbe8 30. Nc2 Kh7 31. Qe3 Qc8 32. Rda1 Nf4 33. Ncb4 Qg4 34. Nxf4 exf4
35. Qf3 Qg5 36. Nd5 Rf7 37. h3 Qe5 38. Re1 Bh6 39. Kf1 Bg7 40. Kg1 Bh6 41. Ra5
Rb7 42. Ra6 Rf7 43. Rea1 Qxe4 44. Qxe4 Rxe4 45. Nf6+ Rxf6 46. Rxf6 Bg7 47. Rb6
f3 48. gxf3 Re5 49. f4 Rf5 50. Raa6 Rxf4 51. Rxg6 b4 52. cxb4 Bxb2 53. Rh6+ Kg7
54. Rag6+ Kf7 55. Rc6 Bd4 56. Rc7+ Kg8 57. Rg6+ Kf8 58. Ra6 Rf7 59. Ra8+ Kg7 60.
Rxf7+ Kxf7 61. Rc8 c3 62. Rc4 Be5 63. b5 Ke6 64. b6 Kd5 65. Rc8 Kd4 66. Kf1 Kd3
67. Rd8+ Kc4 68. b7 c2 69. Rc8+ Kd3 70. Rd8+ Bd4 0-1

[Event "European Blitz 2015"]
[Site "Minsk BLR"]
[Date "2015.12.18"]
[Round "17.41"]
[White "Vovk, Orest"]
[Black "Potapov, Pavel"]
[Result "1-0"]
[BlackTitle "IM"]
[WhiteElo "2279"]
[BlackElo "2476"]
[WhiteFideId "14113490"]
[BlackFideId "4169786"]
[EventDate "2015.12.18"]
[EventType "swiss (blitz)"]

1. h4 d5 2. h5 e5 3. h6 g6 4. d4 e4 5. c4 c6 6. Nc3 Be6 7. Qb3 Qb6 8. c5 Qxb3 9.
axb3 Na6 10. Ra4 Nc7 11. Bf4 Kd7 12. e3 f6 13. b4 g5 14. Bxc7 Kxc7 15. b5 Nxh6
16. b4 Bg7 17. bxc6 bxc6 18. b5 Bd7 19. bxc6 Bxc6 20. Bb5 a5 21. Nge2 Rhb8 22.
Bxc6 Kxc6 23. O-O Rb4 24. Rfa1 Rxa4 25. Nxa4 f5 26. Rb1 Kc7 27. Nec3 Rd8 28. Nb6
Kc6 29. Nba4 f4 30. Rb6+ Kc7 31. Nb5+ Kd7 32. Rb7+ Kc6 33. Rb6+ Kd7 34. c6+ Ke7
35. Rb7+ Kf6 36. c7 Rc8 37. Nd6 1-0

[Event "European Blitz 2015"]
[Site "Minsk BLR"]
[Date "2015.12.18"]
[Round "17.42"]
[White "Johannessen, Leif Erlend"]
[Black "Bulanov, Dmitri"]
[Result "1-0"]
[WhiteTitle "GM"]
[BlackTitle "FM"]
[WhiteElo "2487"]
[BlackElo "2369"]
[WhiteFideId "1501674"]
[BlackFideId "13506382"]
[EventDate "2015.12.18"]
[EventType "swiss (blitz)"]

1. d4 f5 2. e4 fxe4 3. Nc3 Nf6 4. Bg5 c6 5. f3 Qb6 6. fxe4 Qxb2 7. Bd2 Qb6 8.
Nf3 d6 9. Rb1 Qc7 10. Bc4 Bg4 11. O-O Nbd7 12. h3 Bxf3 13. Qxf3 e5 14. Ne2 O-O-O
15. a4 Be7 16. a5 Rhf8 17. Qd3 exd4 18. Nxd4 Nc5 19. Qe2 Nfxe4 20. Ne6 Rxf1+ 21.
Rxf1 Qd7 22. Nxd8 Kxd8 23. Rf7 d5 24. Bd3 Qe6 25. Rxg7 Qe5 26. Rxh7 Bd6 27. g4
Qg3+ 28. Qg2 Qxg2+ 29. Kxg2 Nxd2 30. g5 Nde4 31. g6 Nf6 32. Rf7 Be5 33. Bf5 Ke8
34. h4 Nce4 35. Rxb7 Nd6 36. Rb8+ Ke7 37. Bd3 Nf5 38. Rb7+ Ke6 39. Bxf5+ Kxf5
40. g7 Kg6 41. Rxa7 Kh7 42. Rb7 Bd4 43. a6 Ne4 44. a7 Bxa7 45. Rxa7 Nd6 46. Kf3
Nf5 47. Kg4 Nxg7 48. Kg5 Kg8 49. Kg6 Ne6 50. Ra8+ Nf8+ 51. Kf6 d4 52. h5 c5 53.
h6 c4 54. Rxf8+ 1-0

[Event "European Blitz 2015"]
[Site "Minsk BLR"]
[Date "2015.12.18"]
[Round "17.43"]
[White "Rozhko, Dmitry"]
[Black "Shkapenko, Pavel"]
[Result "1/2-1/2"]
[WhiteTitle "FM"]
[BlackTitle "IM"]
[WhiteElo "2313"]
[BlackElo "2407"]
[WhiteFideId "4150430"]
[BlackFideId "4151933"]
[EventDate "2015.12.18"]
[EventType "swiss (blitz)"]

1. d4 Nf6 2. Nf3 e6 3. Bf4 c5 4. c3 b6 5. e3 Bb7 6. h3 Be7 7. Nbd2 O-O 8. Be2 d6
9. O-O Nbd7 10. Nc4 d5 11. Nce5 Nxe5 12. Nxe5 Nd7 13. a4 Nxe5 14. Bxe5 a6 15.
Bd3 Bf6 16. Qh5 g6 17. Bxf6 Qxf6 18. Qf3 Qxf3 19. gxf3 Rac8 20. f4 Kg7 21. h4 f6
22. Kh2 Rce8 23. a5 c4 24. Bc2 b5 25. Kg3 e5 26. fxe5 fxe5 27. dxe5 Rxe5 28.
Rad1 Bc8 29. Rg1 Bf5 30. Bxf5 Rfxf5 1/2-1/2

[Event "European Blitz 2015"]
[Site "Minsk BLR"]
[Date "2015.12.18"]
[Round "17.44"]
[White "Tukhaev, Adam"]
[Black "Gorodetzky, David"]
[Result "1-0"]
[WhiteTitle "GM"]
[BlackTitle "FM"]
[WhiteElo "2564"]
[BlackElo "2342"]
[WhiteFideId "14109476"]
[BlackFideId "2813416"]
[EventDate "2015.12.18"]
[EventType "swiss (blitz)"]

1. e4 e6 2. d4 d5 3. e5 c5 4. c3 Nc6 5. Nf3 Qb6 6. Na3 cxd4 7. cxd4 Nh6 8. Nc2
Nf5 9. Bd3 Be7 10. O-O Bd7 11. Bd2 h6 12. b4 a5 13. bxa5 Nxa5 14. Rb1 Qc7 15.
Bb4 Bxb4 16. Nxb4 Nc4 17. Bxf5 exf5 18. Nxd5 Qc6 19. Nb4 Qg6 20. Rc1 b5 21. d5
O-O 22. Re1 Ra4 23. Rb1 Qb6 24. Qd4 Qa5 25. Qc5 Re8 26. h4 f4 27. Nc6 Bxc6 28.
Qxc6 Rd8 29. e6 fxe6 30. dxe6 Rd6 31. Qc8+ Rd8 32. Qc6 Qb6 33. e7 Qxc6 34.
exd8=Q+ Kh7 35. Qd3+ Kg8 36. Qd8+ Kh7 37. Re8 Rxa2 38. h5 1-0

[Event "European Blitz 2015"]
[Site "Minsk BLR"]
[Date "2015.12.18"]
[Round "17.45"]
[White "Belyakov, Bogdan"]
[Black "Dolzhykova, Kateryna"]
[Result "1-0"]
[WhiteTitle "IM"]
[BlackTitle "WIM"]
[WhiteElo "2511"]
[BlackElo "2247"]
[WhiteFideId "24104795"]
[BlackFideId "14113414"]
[EventDate "2015.12.18"]
[EventType "swiss (blitz)"]

1. e4 c5 2. c3 d6 3. d4 Nf6 4. Bd3 g6 5. Nf3 Bg7 6. O-O O-O 7. Re1 Nc6 8. e5
dxe5 9. dxe5 Ng4 10. Bf4 c4 11. Bxc4 Qxd1 12. Rxd1 Ngxe5 13. Nxe5 Nxe5 14. Bd5
Nc6 15. Na3 Bg4 16. f3 Bf5 17. g4 Be6 18. Be4 f5 19. gxf5 Bxf5 20. Bd5+ e6 21.
Bb3 Bh3 22. Bd6 Rxf3 23. Nb5 Be5 24. Nc7 Bxd6 25. Rxd6 Raf8 26. Bxe6+ Bxe6 27.
Nxe6 Re8 28. Rf1 Re3 29. Ng5 Ne5 30. Kg2 h6 31. Nf3 Nxf3 32. Rxf3 Rxf3 33. Kxf3
Kf7 34. c4 Re7 35. c5 Kg7 36. b4 h5 37. a4 Kh6 38. h4 a6 39. Rb6 Rf7+ 40. Ke3
Re7+ 41. Kd3 Rf7 42. b5 axb5 43. axb5 Rf5 44. c6 bxc6 45. bxc6 Rc5 46. Kd4 Rc1
47. Kd5 g5 48. c7+ Kg7 49. Rc6 Rd1+ 50. Ke6 Re1+ 51. Kf5 Rf1+ 52. Kxg5 Kh7 53.
c8=Q Rf8 54. Qd7+ 1-0

[Event "European Blitz 2015"]
[Site "Minsk BLR"]
[Date "2015.12.18"]
[Round "17.46"]
[White "Mirzoev, Emil"]
[Black "Kochetkova, Julia"]
[Result "1-0"]
[BlackTitle "WGM"]
[WhiteElo "2424"]
[BlackElo "2320"]
[WhiteFideId "14108640"]
[BlackFideId "4139690"]
[EventDate "2015.12.18"]
[EventType "swiss (blitz)"]

1. d4 d5 2. c4 e6 3. Nc3 Be7 4. cxd5 exd5 5. g3 Nf6 6. Bg2 c6 7. e3 O-O 8. Nge2
Bg4 9. O-O Qd7 10. Re1 Na6 11. f3 Bh3 12. Bh1 h5 13. Nf4 Bf5 14. Nd3 Rfe8 15. a3
Nc7 16. Ne5 Qc8 17. e4 dxe4 18. fxe4 Bh7 19. Bg5 Ne6 20. Be3 Bf8 21. Qb3 c5 22.
dxc5 Nxc5 23. Qxf7+ Kh8 24. Ng6+ Bxg6 25. Qxg6 Nd3 26. Rf1 Ne5 27. Qf5 Bc5 28.
Bxc5 Qxc5+ 29. Qf2 Qc4 30. Rad1 Nd3 31. Qe3 Nxb2 32. Rxf6 Nxd1 33. Nxd1 gxf6 34.
Qh6+ Kg8 35. Qg6+ Kf8 36. Qh6+ Kg8 37. Qg6+ Kf8 38. Qh6+ Ke7 39. Ne3 Qd4 40. Kf1
Qc4+ 41. Kg1 1-0

[Event "European Blitz 2015"]
[Site "Minsk BLR"]
[Date "2015.12.18"]
[Round "17.47"]
[White "Lobanov, Sergei"]
[Black "Popov, Mikhail"]
[Result "1-0"]
[BlackTitle "FM"]
[WhiteElo "2457"]
[BlackElo "2280"]
[WhiteFideId "24183750"]
[BlackFideId "4146182"]
[EventDate "2015.12.18"]
[EventType "swiss (blitz)"]

1. e4 e6 2. d4 d5 3. Nc3 Bb4 4. e5 Ne7 5. Qg4 Ng6 6. Nf3 b6 7. h4 h5 8. Qg3 Ba6
9. Bxa6 Nxa6 10. O-O Bxc3 11. bxc3 Qd7 12. a4 Nb8 13. Ng5 Ne7 14. Ba3 Nf5 15.
Qf4 Qxa4 16. Bd6 Qc6 17. Ba3 Qxc3 18. Rfd1 a5 19. Nf3 Qc6 20. c4 b5 21. cxb5
Qxb5 22. Rab1 Qa4 23. Qc1 Nd7 24. Rb7 c6 25. Bd6 Qc4 26. Qb2 a4 27. Rxd7 Qa6 28.
Rb7 Nxd6 29. exd6 O-O 30. Rb6 Qa5 31. Rxc6 a3 32. Qa2 Qa4 33. Rc2 Rfd8 34. Rdc1
Rxd6 35. Rc8+ Rd8 36. Rxd8+ Rxd8 37. Ra1 Ra8 38. Rb1 Rc8 39. Ra1 Ra8 40. Rb1 Rc8
41. Ra1 Ra8 42. Rb1 Rc8 43. Ra1 Ra8 44. Rb1 Rc8 1-0

[Event "European Blitz 2015"]
[Site "Minsk BLR"]
[Date "2015.12.18"]
[Round "17.48"]
[White "Balashov, Yuri S"]
[Black "Sharankov, Grigory"]
[Result "1-0"]
[WhiteTitle "GM"]
[WhiteElo "2408"]
[BlackElo "2176"]
[WhiteFideId "4100263"]
[BlackFideId "4168356"]
[EventDate "2015.12.18"]
[EventType "swiss (blitz)"]

1. d4 Nc6 2. Nf3 d6 3. e4 Bg4 4. c3 e5 5. Be2 Nf6 6. Nbd2 Be7 7. O-O O-O 8. d5
Nb8 9. h3 Bh5 10. Re1 Nbd7 11. Bf1 a5 12. g3 a4 13. Bg2 Nc5 14. Qc2 Bg6 15. Nh4
c6 16. Nxg6 hxg6 17. Rb1 Qc7 18. b4 axb3 19. axb3 cxd5 20. exd5 Rfc8 21. Nf1
Ncd7 22. Bd2 b5 23. Ne3 Nc5 24. Ra1 e4 25. Bf1 Qb7 26. c4 Ncd7 27. Bc3 Rxa1 28.
Rxa1 Nb6 29. Qd2 Nfd7 30. Bd4 Bf6 31. cxb5 Nxd5 32. Ra7 Qxa7 33. Bxa7 Nc3 34.
Qxd6 Ne5 35. Kg2 Nf3 36. b6 Ne1+ 37. Kh1 1-0

[Event "European Blitz 2015"]
[Site "Minsk BLR"]
[Date "2015.12.18"]
[Round "17.49"]
[White "Potapov, Alexey"]
[Black "Ginzburg, Mikhail"]
[Result "0-1"]
[WhiteTitle "IM"]
[BlackTitle "FM"]
[WhiteElo "2389"]
[BlackElo "2229"]
[WhiteFideId "4182138"]
[BlackFideId "13501097"]
[EventDate "2015.12.18"]
[EventType "swiss (blitz)"]

1. Nf3 Nf6 2. g3 d5 3. c4 c6 4. b3 Bg4 5. Bg2 Nbd7 6. Bb2 e6 7. O-O Be7 8. d3
O-O 9. Nbd2 a5 10. a3 b5 11. cxb5 cxb5 12. Rc1 Rc8 13. h3 Bxf3 14. Nxf3 Qb6 15.
Qd2 b4 16. axb4 Bxb4 17. Qd1 h6 18. Rxc8 Rxc8 19. Qa1 Rc2 20. Nd4 Rc7 21. Rc1
Bc5 22. Qa4 e5 23. Nf3 Bxf2+ 24. Kh2 Rxc1 25. Bxc1 e4 26. dxe4 dxe4 27. Nh4 Bg1+
28. Kh1 Bf2 29. Nf5 Qc5 30. Qa1 Qxf5 31. g4 Qd5 32. Bb2 Qd2 33. Bc3 Qxe2 34.
Bxa5 Bg3 35. Qf1 Qe3 36. b4 Be5 37. b5 Qg3 38. Qg1 e3 39. Be1 Qf4 40. b6 Ne4 41.
Bxe4 Qxe4+ 42. Qg2 Qb1 43. Qe2 Qxb6 44. Kg2 Qc6+ 45. Qf3 Qc2+ 0-1

[Event "European Blitz 2015"]
[Site "Minsk BLR"]
[Date "2015.12.18"]
[Round "18.1"]
[White "Zhigalko, Sergei"]
[Black "Riazantsev, Alexander"]
[Result "1-0"]
[WhiteTitle "GM"]
[BlackTitle "GM"]
[WhiteElo "2655"]
[BlackElo "2646"]
[WhiteFideId "13502956"]
[BlackFideId "4125029"]
[EventDate "2015.12.18"]
[EventType "swiss (blitz)"]

1. e4 c6 2. d4 d5 3. e5 Bf5 4. Nf3 e6 5. Be2 Bg6 6. O-O Ne7 7. Nbd2 c5 8. dxc5
Nec6 9. c4 d4 10. Qa4 d3 11. Bd1 Na6 12. b4 Nxb4 13. Rb1 Bxc5 14. a3 Nc2 15.
Rxb7 Qc8 16. Rb5 Be7 17. c5 O-O 18. Nc4 N2d4 19. Nxd4 Nxd4 20. Nd6 Bxd6 21. Qxd4
Be7 22. Bf3 a6 23. Ra5 Qc7 24. Bd2 Rad8 25. Qc3 f6 26. exf6 Bxf6 27. Qc4 Kh8 28.
Rxa6 e5 29. Ba5 Bf7 30. Bxc7 Bxc4 31. Ra4 Bb3 32. Rb4 Rc8 33. Bd6 Bc2 34. Bxf8
Rxf8 35. Be4 Be7 36. Rc4 Rc8 37. c6 Bxa3 38. Ra1 Bb2 39. Ra2 Bd4 40. c7 h5 41.
g3 Bb6 42. Ra3 Rxc7 43. Rxc7 Bxc7 44. Bxd3 Bxd3 45. Rxd3 Bb6 46. Kg2 Kh7 47. Rd5
Bc7 48. Kf3 Kg6 49. Ke4 Kf6 50. Rc5 Bb8 51. Rc6+ Kf7 1-0

[Event "European Blitz 2015"]
[Site "Minsk BLR"]
[Date "2015.12.18"]
[Round "18.4"]
[White "Ragger, Markus"]
[Black "Savchenko, Boris"]
[Result "1/2-1/2"]
[WhiteTitle "GM"]
[BlackTitle "GM"]
[WhiteElo "2687"]
[BlackElo "2612"]
[WhiteFideId "1610856"]
[BlackFideId "4147332"]
[EventDate "2015.12.18"]
[EventType "swiss (blitz)"]

1. d4 e6 2. Nf3 Nf6 3. c4 c5 4. d5 b5 5. Bg5 b4 6. e4 d6 7. dxe6 Bxe6 8. e5 dxe5
9. Qxd8+ Kxd8 10. Nxe5 Bd6 11. Nf3 Nd7 12. Nbd2 Kc7 13. O-O-O h6 14. Bh4 g5 15.
Bg3 Bxg3 16. fxg3 Ng4 17. Re1 Bf5 18. Be2 Rhe8 19. Rhf1 Bg6 20. Bd1 Ne3 21. Rf2
Nxd1 22. Rxd1 a5 23. Nf1 Nb6 24. b3 a4 25. Kb2 Ra5 26. Re1 Rea8 27. bxa4 Rxa4
28. Kc1 Rxa2 29. Rxa2 Rxa2 30. Ne5 b3 31. Nxg6 Ra1+ 32. Kd2 Rxe1 33. Kxe1 b2 34.
Nd2 fxg6 35. Kd1 Nxc4 36. Nb1 Kd6 37. Kc2 Ke5 38. Kd3 Nb6 39. Kc3 Nd5+ 40. Kxb2
Ne3 41. Kc3 Nxg2 42. Kc4 Ke4 43. Kxc5 Ne1 44. Kd6 Kf5 45. Nd2 g4 46. Nc4 h5 47.
Kd5 Nf3 48. Ne3+ Kg5 49. Nf1 h4 50. gxh4+ Kxh4 51. Ke4 Kh3 52. Kf4 Kh4 53. Ke3
Kh3 54. Kf4 Kh4 55. Ke3 Kg5 56. Ke4 Kh5 57. Kf4 Kh4 58. Ke3 1/2-1/2

[Event "European Blitz 2015"]
[Site "Minsk BLR"]
[Date "2015.12.18"]
[Round "18.6"]
[White "Guseinov, Gadir"]
[Black "Rozum, Ivan"]
[Result "1-0"]
[WhiteTitle "GM"]
[BlackTitle "GM"]
[WhiteElo "2646"]
[BlackElo "2559"]
[WhiteFideId "13401378"]
[BlackFideId "24104272"]
[EventDate "2015.12.18"]
[EventType "swiss (blitz)"]

1. e4 c6 2. d4 d5 3. Nd2 dxe4 4. Nxe4 Bf5 5. Ng3 Bg6 6. h4 h6 7. Nf3 Nd7 8. h5
Bh7 9. Bd3 Bxd3 10. Qxd3 e6 11. Bd2 Ngf6 12. O-O-O Be7 13. Ne4 Nxe4 14. Qxe4 Nf6
15. Qd3 Qc7 16. Ne5 Rd8 17. Qg3 Ne4 18. Qf3 Nf6 19. Bf4 Qa5 20. Kb1 O-O 21. g4
Qd5 22. Qe3 Qe4 23. g5 Qxe3 24. Bxe3 hxg5 25. Bxg5 c5 26. h6 Rxd4 27. Rdg1 g6
28. h7+ Kh8 29. Bh6 Rdd8 30. Bxf8 Rxf8 31. Rxg6 Bd6 32. Rxf6 Bxe5 33. Rf3 Bg7
34. c3 f5 35. Re1 Rf6 36. Rfe3 Rg6 37. Rxe6 Rg2 38. Rh1 1-0

[Event "European Blitz 2015"]
[Site "Minsk BLR"]
[Date "2015.12.18"]
[Round "18.7"]
[White "Chigaev, Maksim"]
[Black "Bortnyk, Mykola"]
[Result "0-1"]
[WhiteTitle "IM"]
[BlackTitle "IM"]
[WhiteElo "2526"]
[BlackElo "2416"]
[WhiteFideId "4108116"]
[BlackFideId "14120836"]
[EventDate "2015.12.18"]
[EventType "swiss (blitz)"]

1. f4 c5 2. Nf3 d5 3. g3 Nf6 4. Bg2 Nc6 5. O-O Qc7 6. d3 Bg4 7. Nc3 Rd8 8. h3
Bxf3 9. Bxf3 e5 10. Bg2 Be7 11. g4 d4 12. Nb5 Qb6 13. a4 a6 14. Na3 Qc7 15. Nc4
O-O 16. f5 b5 17. axb5 axb5 18. Nd2 Nd5 19. Bxd5 Rxd5 20. Ne4 f6 21. Bd2 c4 22.
Qe1 Rc8 23. h4 Nd8 24. Ba5 Qd7 25. Bxd8 Qxd8 26. Qg3 cxd3 27. cxd3 Rc2 28. g5
Rxe2 29. Ra7 fxg5 30. hxg5 Re3 31. Qg4 Rd7 32. Ra6 Kh8 33. Rfa1 Qf8 34. f6 Rd8
35. fxe7 Qxe7 36. Ra8 Rxd3 37. Qe6 Qf8 38. Qd5 Rd1+ 39. Kg2 Qf1+ 40. Kg3 Rd3+ 0-1

[Event "European Blitz 2015"]
[Site "Minsk BLR"]
[Date "2015.12.18"]
[Round "18.9"]
[White "Landa, Konstantin"]
[Black "Ponkratov, Pavel"]
[Result "0-1"]
[WhiteTitle "GM"]
[BlackTitle "GM"]
[WhiteElo "2625"]
[BlackElo "2604"]
[WhiteFideId "4101685"]
[BlackFideId "4157800"]
[EventDate "2015.12.18"]
[EventType "swiss (blitz)"]

1. d4 Nf6 2. Nf3 c5 3. d5 e6 4. Nc3 exd5 5. Nxd5 Nxd5 6. Qxd5 Nc6 7. e4 d6 8.
Ng5 Qc7 9. Bc4 Ne5 10. Bb5+ Nc6 11. O-O h6 12. Nf3 Be6 13. Qd3 Be7 14. Bf4 g5
15. Bg3 h5 16. h4 gxh4 17. Nxh4 O-O-O 18. Bc4 Rdg8 19. Nf5 h4 20. Bxe6+ fxe6 21.
Nxd6+ Bxd6 22. Bxd6 Qg7 23. Qh3 Nd4 24. c3 Ne2+ 25. Kh2 Qg6 26. f3 Rd8 27. Rad1
b6 28. Rfe1 Ng3 29. Be5 Rxd1 30. Rxd1 Rh7 31. Rd6 Kb7 32. Qxe6 Qg5 33. Rd7+ Rxd7
34. Qxd7+ Ka6 35. Qd3+ Kb7 36. Qd5+ Ka6 37. Bb8 Qg7 38. a4 Nf1+ 39. Kg1 Ng3 40.
Bf4 Ne2+ 41. Kh2 Nxf4 42. Qc4+ Kb7 43. Qd5+ Nxd5 0-1

[Event "European Blitz 2015"]
[Site "Minsk BLR"]
[Date "2015.12.18"]
[Round "18.10"]
[White "Bocharov, Dmitry"]
[Black "Aleksandrov, Aleksej"]
[Result "1-0"]
[WhiteTitle "GM"]
[BlackTitle "GM"]
[WhiteElo "2558"]
[BlackElo "2615"]
[WhiteFideId "4138716"]
[BlackFideId "13500139"]
[EventDate "2015.12.18"]
[EventType "swiss (blitz)"]

1. Nf3 Nf6 2. g3 b5 3. Bg2 Bb7 4. O-O e6 5. d3 c5 6. e4 d6 7. Ng5 Be7 8. f4 Nc6
9. Nc3 Nd4 10. Ne2 Nxe2+ 11. Qxe2 h6 12. Nh3 Qc7 13. a4 a6 14. g4 Nd7 15. Bd2 b4
16. a5 Bf6 17. c3 bxc3 18. bxc3 Bc6 19. Qf2 Rb8 20. g5 Be7 21. gxh6 gxh6 22. f5
e5 23. Qe2 Rb2 24. Nf2 Bg5 25. Rfd1 Rg8 26. Kh1 Qb7 27. Qe1 Nf6 28. Bxg5 Rxg5
29. Rab1 Kf8 30. Rxb2 Qxb2 31. c4 Qa2 32. Qd2 Qxd2 33. Rxd2 Ke7 34. Rb2 Nd7 35.
Bf3 Rg8 36. Ng4 Rh8 37. Kg2 Kd8 38. Kg3 h5 39. Ne3 Kc7 40. Kh4 Nf6 41. Kg5 Nh7+
42. Kh6 f6 43. Kg7 Ng5 44. Kxh8 Nxf3 45. Kg7 Ne1 46. Rb3 Ba4 47. Ra3 Bc2 48.
Nxc2 Nxc2 49. Rc3 Nd4 50. Kxf6 Kd7 51. Rc1 Ne2 52. Rb1 Nf4 53. Rb7+ Kc6 54. Rb6+
Kd7 55. Rxa6 Nxd3 56. Ra7+ Kc6 57. Kg7 Nf2 58. f6 Nxe4 59. f7 Ng5 1-0

[Event "European Blitz 2015"]
[Site "Minsk BLR"]
[Date "2015.12.18"]
[Round "18.11"]
[White "Shtembuliak, Evgeny"]
[Black "Movsesian, Sergei"]
[Result "1/2-1/2"]
[WhiteTitle "FM"]
[BlackTitle "GM"]
[WhiteElo "2420"]
[BlackElo "2659"]
[WhiteFideId "14113325"]
[BlackFideId "310204"]
[EventDate "2015.12.18"]
[EventType "swiss (blitz)"]

1. Nf3 d5 2. g3 c6 3. Bg2 Bg4 4. O-O Nd7 5. c4 e6 6. cxd5 exd5 7. d3 Ngf6 8. Nc3
Bc5 9. Qb3 Bb6 10. Na4 O-O 11. Nxb6 axb6 12. h3 Bh5 13. Re1 Re8 14. Qc2 Nc5 15.
Be3 Ne6 16. a4 Nd7 17. b4 Qf6 18. Qb1 h6 19. Ra2 Re7 20. Qa1 Qxa1 21. Rexa1 Rae8
22. a5 bxa5 23. bxa5 f6 24. Rb1 Nd8 25. g4 Bf7 26. Nd4 g6 27. Rc2 Ne5 28. Bd2
Kg7 29. Bb4 Rc7 30. Kf1 Ne6 31. Nxe6+ Rxe6 32. Bc5 Nd7 33. Ba3 c5 34. Bxd5 Ra6
35. Bxb7 Rxa5 36. Bc1 c4 37. dxc4 Rxc4 38. Rxc4 Bxc4 39. Bf4 Ra2 40. Bf3 g5 41.
Rb7 Be6 42. Be3 Kf7 43. Bd4 Rd2 44. e3 Ke7 45. Kg2 Rc2 46. Be4 Rc8 47. Ra7 Kd6
48. Ra6+ Ke7 49. Bf3 Bc4 50. Ra5 Ke6 51. h4 Rb8 52. h5 Rc8 53. Be4 Ke7 54. Bf5
Be6 55. Ra6 Bc4 56. Bxd7 Bxa6 57. Bxc8 Bxc8 58. f3 Kf7 59. Kg3 f5 60. gxf5 Bxf5
61. e4 Be6 62. f4 gxf4+ 1/2-1/2